| 000 | 00511nam a2200121Ia 4500 | ||
|---|---|---|---|
| 008 | 171212s9999 xx 000 0 und d | ||
| 020 | _a9781921862458 | ||
| 245 |
_ceditor Lipset, David;Roscoe, Paul _aEchoes of the Tambaran _bMasculinity, history and the subject in the work of Donald F. Tuzin |
||
| 260 |
_bANU E Press _c2011 |
||
| 650 | _aAnthropology | ||
| 650 | _aTuzin, Donald F.; Ethnologists; Ethnology -- Papua New Guinea -- Sepik River Region; Essays | ||
| 856 | _uwww.jstor.org/stable/10.2307/j.ctt24hbjj | ||
| 999 |
_c351091 _d351091 |
||